[Event "FRA-chT2W 0203"]
[Site "France"]
[Date "2002.10.13"]
[Round "1"]
[White "Suarez, Raoul"]
[Black "Tagnon, Nicole"]
[Result "0-1"]
[WhiteElo "1930"]
[BlackElo "2064"]
[PlyCount "84"]
[EventDate "2002.10.??"]
[EventType "team"]
[EventRounds "11"]
[EventCountry "FRA"]
[SourceTitle "EXT 2004"]
[Source "ChessBase"]
[SourceDate "2003.11.25"]
[SourceVersion "1"]
[SourceVersionDate "2003.11.25"]
[SourceQuality "1"]
[WhiteTeam "Bordeaux II"]
[BlackTeam "Migne Auxances"]
[WhiteTeamCountry "FRA"]
[BlackTeamCountry "FRA"]

1. g3 c5 2. Bg2 Nc6 3. e4 g6 4. Nc3 Bg7 5. d3 e6 6. f4 Nge7 7. Nf3 0-0 8. 0-0 d6 9. g4 f5 10. gxf5 exf5 11. Ne2 Kh8 12. c3 Ng8 13. Ng3 Nh6 14. Kh1 Qe7 15. Be3 Ng4 16. Bd2 Bd7 17. Qe2 Rae8 18. Rae1 Qd8 19. h3 Nh6 20. Qf2 Qa5 21. e5 dxe5 22. fxe5 Ng4 23. hxg4 fxg4 24. d4 gxf3 25. Bxf3 Bh3 26. Ne4 Bxf1 27. Rxf1 cxd4 28. cxd4 Qxa2 29. Bc3 Qe6 30. Qh4 Qc4 31. Kg2 Qd3 32. Ng5 h6 33. e6 Kg8 34. Nf7 Qe3 35. Bd5 Ne7 36. Bc4 Nf5 37. Qf4 Qxf4 38. Rxf4 Ne3+ 39. Kf2 Nxc4 40. d5 Bxc3 41. Rxc4 Be5 42. Ke3 Rxf7 0-1